|
|
|
|
| LEADER |
00000naa0a2200000 4500 |
| 001 |
597893 |
| 005 |
20250214164634.0 |
| 035 |
|
|
|a (RuTPU)RU\TPU\tpu\21317
|
| 090 |
|
|
|a 597893
|
| 100 |
|
|
|a 20120523d2010 k y0rusy50 ca
|
| 101 |
0 |
|
|a rus
|
| 102 |
|
|
|a RU
|
| 200 |
1 |
|
|a Оценка степени преобразования кварцитов методом инфракрасной спектрометрии
|f Л. Г. Ананьева, А. А. Анциферова, М. В. Коровкин
|
| 333 |
|
|
|a В фонде НТБ ТПУ отсутствует
|
| 463 |
|
|
|t Геоматериалы для высоких технологий, алмазы, благородные металлы, самоцветы Тимано-Североуральского региона
|o материалы Всероссийского минералогического семинара с международным участием, Сыктывкар, Институт геологии Коми научного центра УрО РАН, 14-17 июня 2010 г.
|v С. 39-40
|d 2010
|
| 610 |
1 |
|
|a труды учёных ТПУ
|
| 700 |
|
1 |
|a Ананьева
|b Л. Г.
|c российский геолог
|c доцент Томского политехнического университета, кандидат геолого-минералогических наук
|f 1967-
|g Людмила Геннадьевна
|3 (RuTPU)RU\TPU\pers\26292
|9 12065
|
| 701 |
|
1 |
|a Анциферова
|b А. А.
|
| 701 |
|
1 |
|a Коровкин
|b М. В.
|c геофизик
|c профессор Томского политехнического университета, доктор физико-математических наук
|c главный эксперт центра качества Томского технологического института
|f 1952-
|g Михаил Владимирович
|3 (RuTPU)RU\TPU\pers\26067
|4 070
|9 11905
|
| 801 |
|
1 |
|a RU
|b 63413507
|c 20120523
|
| 942 |
|
|
|c BK
|